English conversation practice / (Record no. 194064)

MARC details
000 -LEADER
fixed length control field 00990nam a2200229Ia 4500
003 - CONTROL NUMBER IDENTIFIER
control field OSt
005 - DATE AND TIME OF LATEST TRANSACTION
control field 20260305135923.0
008 - FIXED-LENGTH DATA ELEMENTS--GENERAL INFORMATION
fixed length control field 210716s2014 xx 000 0 und d
020 ## - INTERNATIONAL STANDARD BOOK NUMBER
International Standard Book Number 9780070996038
040 ## - CATALOGING SOURCE
Transcribing agency AIMIT LIBRARY
041 ## - LANGUAGE CODE
Language code of text/sound track or separate title eng
082 ## - DEWEY DECIMAL CLASSIFICATION NUMBER
Classification number 428.1
Edition number 1
Item number TAYG
100 ## - MAIN ENTRY--PERSONAL NAME
Personal name Taylor, Grant.
9 (RLIN) 257815
245 ## - TITLE STATEMENT
Title English conversation practice /
Statement of responsibility, etc. By Grant Taylor.
250 ## - EDITION STATEMENT
Edition statement 1st ed.
260 ## - PUBLICATION, DISTRIBUTION, ETC.
Place of publication, distribution, etc. New Delhi :
Name of publisher, distributor, etc. Tata McGraw Hill Publishing Company Ltd ,
Date of publication, distribution, etc. 20141
300 ## - PHYSICAL DESCRIPTION
Extent vi,301p. ;
Other physical details PB
Dimensions 22.1 cm
650 ## - SUBJECT ADDED ENTRY--TOPICAL TERM
Topical term or geographic name entry element Situational coversations
9 (RLIN) 257816
650 ## - SUBJECT ADDED ENTRY--TOPICAL TERM
Topical term or geographic name entry element Structural conversation
9 (RLIN) 257817
650 ## - SUBJECT ADDED ENTRY--TOPICAL TERM
Topical term or geographic name entry element Calendar time
9 (RLIN) 257818
942 ## - ADDED ENTRY ELEMENTS (KOHA)
Source of classification or shelving scheme Dewey Decimal Classification
Koha item type Book
Edition 1st
Call number prefix 428.1 TAYG TAYG
Holdings
Withdrawn status Lost status Source of classification or shelving scheme Damaged status Not for loan Collection code Home library Current library Source of acquisition Cost, normal purchase price Inventory number Total Checkouts Full call number Barcode Date last seen Cost, replacement price Price effective from Koha item type
    Dewey Decimal Classification     MCA St Aloysius Institute of Management & Information Technology St Aloysius Institute of Management & Information Technology Knowledge World 215.00 Bill no:173; Bill dt:2014-07-12   428.1 TAYG MCA13572 05/23/2026 161.25 07/16/2021 Book